[Event "Barcelona Espluguenc Rapid"]
[Site "Barcelona"]
[Date "2022.09.11"]
[Round "1"]
[White "Martos Martin, Daniel"]
[Black "Gallego Montes, Antonio"]
[Result "0-1"]
[WhiteElo "1253"]
[BlackElo "1851"]
[PlyCount "62"]
[EventDate "2022.09.11"]
[EventType "swiss (rapid)"]
[EventRounds "7"]
[EventCountry "ESP"]
[SourceTitle "EXT 2023"]
[Source "ChessBase"]
[SourceDate "2022.10.05"]
[SourceVersion "1"]
[SourceVersionDate "2022.10.05"]
[SourceQuality "1"]

1. e4 c5 2. Nf3 Nc6 3. Bb5 e5 4. 0-0 Bd6 5. Re1 Nge7 6. c3 a6 7. Ba4 Qc7 8. d4 cxd4 9. cxd4 Nxd4 10. Nxd4 exd4 11. e5 Bxe5 12. Qe2 Bf6 13. g3 0-0 14. Bf4 d6 15. Na3 b5 16. Rac1 Qb6 17. Bb3 Bb7 18. f3 Rac8 19. Kf1 Rxc1 20. Rxc1 Rc8 21. h4 Rxc1+ 22. Bxc1 Qc6 23. Bf4 Ng6 24. Bd2 Qxf3+ 25. Qxf3 Bxf3 26. Kf2 Be4 27. Nc2 d3 28. Ke3 dxc2 29. Kxe4 Bxb2 30. Bxc2 Kf8 31. Bb4 Ke7 0-1

[Event "Barcelona Espluguenc Rapid"]
[Site "Barcelona"]
[Date "2022.09.11"]
[Round "7"]
[White "Martos Martin, Daniel"]
[Black "Luna Munoz, Rogelio"]
[Result "0-1"]
[WhiteElo "1253"]
[BlackElo "1133"]
[PlyCount "80"]
[EventDate "2022.09.11"]
[EventType "swiss (rapid)"]
[EventRounds "7"]
[EventCountry "ESP"]
[SourceTitle "EXT 2023"]
[Source "ChessBase"]
[SourceDate "2022.10.05"]
[SourceVersion "1"]
[SourceVersionDate "2022.10.05"]
[SourceQuality "1"]

1. e4 e5 2. Nf3 Nc6 3. Bb5 d6 4. d4 Bd7 5. Bxc6 Bxc6 6. Nc3 Nf6 7. d5 Bd7 8. Bg5 Be7 9. 0-0 0-0 10. Re1 Bg4 11. h3 Bh5 12. Qd3 c6 13. Ne2 cxd5 14. exd5 e4 15. Qb3 exf3 16. Ng3 Bg6 17. Qxb7 Rb8 18. Qxe7 Qb6 19. Qe3 Qxb2 20. Qxa7 Qxc2 21. gxf3 Rb2 22. Re2 Rb1+ 23. Rxb1 Qxb1+ 24. Kg2 Nh5 25. Ne4 Qd1 26. Qa6 Qxd5 27. Nxd6 Qxg5+ 28. Kf1 Qf4 29. Ke1 Qxf3 30. Qb5 Bd3 31. Re3 Qh1+ 32. Kd2 Bxb5 33. Nxb5 Rd8+ 34. Kc3 Qc1+ 35. Kb3 Rb8 36. a4 Qb1+ 37. Ka3 h6 38. h4 Nf6 39. f3 Qc1+ 40. Ka2 Qxe3 0-1

[Event "Llinars del Valles op 1st"]
[Site "Llinars del Valles"]
[Date "2021.06.30"]
[Round "6"]
[White "Garre Montes, Marc"]
[Black "Martos Martin, Daniel"]
[Result "1/2-1/2"]
[WhiteElo "1586"]
[BlackElo "1177"]
[PlyCount "81"]
[EventDate "2021.06.25"]
[EventType "swiss"]
[EventRounds "9"]
[EventCountry "ESP"]
[SourceTitle "CBM 203 Extra"]
[Source "ChessBase"]
[SourceDate "2021.09.30"]
[SourceVersion "1"]
[SourceVersionDate "2021.09.30"]
[SourceQuality "1"]

1. e4 c5 2. Nf3 e6 3. c3 Nf6 4. e5 Nd5 5. d4 cxd4 6. cxd4 d6 7. Nc3 Nxc3 8. bxc3 Nd7 9. exd6 Bxd6 10. Bd3 0-0 11. 0-0 b6 12. Bc2 Qc7 13. Qd3 g6 14. Bh6 Re8 15. Rad1 Bf4 16. Qe4 Bxh6 17. Qxa8 Qxc3 18. Bb3 Qc7 19. d5 exd5 20. Rfe1 Rxe1+ 21. Rxe1 Nf6 22. Bxd5 Bf4 23. g3 Bh6 24. Qc6 Qxc6 25. Bxc6 Bf8 26. Nd4 Bc5 27. Nb3 Bd6 28. Rd1 Be7 29. a4 a5 30. Nd4 Kg7 31. Nb5 Bf5 32. Nc7 h5 33. Kg2 g5 34. f3 Kg6 35. Na8 Bc5 36. Rd8 g4 37. Rb8 gxf3+ 38. Kxf3 Ng4 39. Nxb6 Ne5+ 40. Kg2 Nxc6 41. Rb7 1/2-1/2

[Event "Llinars del Valles op 1st"]
[Site "Llinars del Valles"]
[Date "2021.06.26"]
[Round "2"]
[White "Montero Olmos, Javier"]
[Black "Martos Martin, Daniel"]
[Result "1-0"]
[WhiteElo "1497"]
[BlackElo "1177"]
[PlyCount "111"]
[EventDate "2021.06.25"]
[EventType "swiss"]
[EventRounds "9"]
[EventCountry "ESP"]
[SourceTitle "CBM 203 Extra"]
[Source "ChessBase"]
[SourceDate "2021.09.30"]
[SourceVersion "1"]
[SourceVersionDate "2021.09.30"]
[SourceQuality "1"]

1. e4 c5 2. Nc3 e6 3. f4 a6 4. g3 d6 5. Bg2 b5 6. d3 Bb7 7. Nf3 Nd7 8. 0-0 Qc7 9. Qe2 Ngf6 10. f5 e5 11. h3 Be7 12. g4 Nb6 13. Kh2 h5 14. g5 Nfd7 15. h4 0-0-0 16. a4 b4 17. a5 bxc3 18. axb6 cxb2 19. Bxb2 Nxb6 20. Bc3 f6 21. g6 d5 22. Ba5 Rd6 23. Rfb1 Bd8 24. Nd2 Qd7 25. Qf2 Rc6 26. Bxb6 Rxb6 27. exd5 Bxd5 28. Qxc5+ Bc6 29. Rxb6 Bxb6 30. Qxc6+ Qxc6 31. Bxc6 Kc7 32. Bf3 a5 33. Nc4 Rc8 34. Nxa5 Bxa5 35. Rxa5 Kb6 36. Ra2 Rc7 37. Bxh5 Kc5 38. c3 Kd5 39. Bf3+ Kc5 40. Rb2 Kd6 41. Rb6+ Kc5 42. Rc6+ Rxc6 43. Bxc6 Kxc6 44. h5 Kd7 45. h6 Ke7 46. hxg7 Ke8 47. g8Q+ Ke7 48. Qf7+ Kd6 49. g7 e4 50. dxe4 Ke5 51. g8R Kf4 52. Qxf6 Ke3 53. Qd4+ Kf4 54. e5+ Kxf5 55. Rf8+ Ke6 56. Qd6# 1-0

[Event "ESP-ch U12"]
[Site "Salobrena"]
[Date "2020.07.31"]
[Round "8"]
[White "Martos Martin, Daniel"]
[Black "Sierra Pena, Mario"]
[Result "0-1"]
[WhiteElo "1109"]
[BlackElo "1335"]
[PlyCount "96"]
[EventDate "2020.07.27"]
[EventType "swiss"]
[EventRounds "9"]
[EventCountry "ESP"]
[SourceTitle "EXT 2021"]
[Source "ChessBase"]
[SourceDate "2020.10.23"]
[SourceVersion "1"]
[SourceVersionDate "2020.10.23"]
[SourceQuality "1"]

1. e4 e5 2. Nf3 Nc6 3. Bb5 Nge7 4. c3 a6 5. Ba4 b5 6. Bb3 g6 7. d4 exd4 8. cxd4 Bg7 9. 0-0 0-0 10. Bf4 d5 11. e5 Be6 12. Qc1 Bg4 13. Nbd2 Na5 14. Bd1 Nc4 15. h3 Be6 16. b3 Na5 17. Re1 Nb7 18. b4 Qd7 19. Nb3 Rae8 20. Nh2 Nc6 21. a3 f6 22. Ng4 fxe5 23. Nxe5 Nxe5 24. Bxe5 Bf5 25. Bf3 c6 26. Nc5 Nxc5 27. Qxc5 Bxe5 28. Rxe5 Rxe5 29. dxe5 Be4 30. Bg4 Bf5 31. Bf3 Re8 32. Re1 Qc7 33. Bxd5+ Kg7 34. Bxc6 Rc8 35. Rc1 Qf7 36. Qe3 Qc7 37. Rc5 Qb6 38. Bd5 Rd8 39. Qc3 Kf8 40. Rc6 Qb8 41. Ba2 Re8 42. Rc7 Re7 43. Qc5 Qxc7 44. Qd5 Be6 45. Qf3+ Rf7 46. Qa8+ Qc8 47. Qxc8+ Bxc8 48. f3 Rc7 0-1